|
|
|
|
| LEADER |
00000nab a2200000ua 4500 |
| 001 |
vtls010835867 |
| 003 |
SK-MaSNL |
| 005 |
20260303144322.0 |
| 008 |
230222s2011 xo |||||||||||||||||eng| |
| 035 |
|
|
|a (urnnbn)urn:nbn:sk:snk:ar-a06rlg
|
| 035 |
|
|
|a urn:nbn:sk:snk-ab5zq5
|
| 035 |
|
|
|a (uuid)005b5089-631d-4523-93b7-34f658ba1c10
|
| 040 |
|
|
|a SNKBUCL
|b slo
|c SNKBUCL
|e AACR2
|
| 041 |
0 |
|
|a eng
|
| 044 |
|
|
|a xo
|c SK
|
| 100 |
1 |
|
|a Beňo, Jozef,
|d 1952-
|4 aut
|9 193971
|
| 245 |
1 |
0 |
|a Precision and Surface Roughness When Free-Form-Surface Milling
|c Jozef Beno, Miko Balazs, Peter Izol
|
| 700 |
1 |
|
|a Balazs, Miko
|4 aut
|9 473093
|
| 700 |
1 |
|
|a Izol, Peter
|4 aut
|9 1165749
|
| 773 |
0 |
|
|t Výrobné inžinierstvo
|g Roč. 10, č. 1 (2011), s. 70-77
|
| 958 |
|
|
|a OND
|
| 958 |
|
|
|a EUIPO
|
| 958 |
|
|
|a article5
|
| 999 |
|
|
|c 1996439
|d 1998369
|